| 000 | 00434nam a2200181Ia 4500 | ||
|---|---|---|---|
| 005 | 20250423100633.0 | ||
| 008 | 250422s9999 xx 000 0 und d | ||
| 020 | _a0- 03- 005904- 6 | ||
| 050 | _aQD 31.2 .O98/ | ||
| 100 | _aOxtoby, David W. | ||
| 245 | 0 | _aPrinciples of modern chemistry | |
| 250 | _a3rd ed. | ||
| 260 | _aFlorida | ||
| 260 | _bSaunders College Publishing | ||
| 260 | _c1996 | ||
| 300 | _a848 p | ||
| 942 | _cBK | ||
| 999 |
_c33903 _d33903 |
||